Villes traversées par l'autoroute A43 - l'aréalpe - Statistiques

Statistiques générales
  • Ce quiz a été pris 29 fois
  • Le résultat moyen est 6 sur 7
Statistiques - réponses
ville population kilomètre % Correct
Lyon 526 964 0
100%
Chambéry 59 856 91
96%
Bourgoin-Jallieu 30 655 34
91%
Bron 44 222 2
83%
Saint-Priest 50 751 5
78%
L'Isle-d'Abeau 17 675 30
74%
Villefontaine 19 198 25
57%
Aucun quiz correspondant
Distribution des résultats
% des personnes avec chaque résultat
Percentile par nombre de réponses
Votre historique - résultats
Vous n’avez pas pris ce quiz